40 Biggest Ethnic Groups in China - Statistics

General Stats
  • This quiz has been taken 1,014 times
  • The average score is 11 of 40
Answer Stats
Hint Answer % Correct
1,220,844,520 91.60 Han
94%
5,981,840 0.45 Mongols
79%
6,282,187 0.47 Tibetans
77%
1,830,929 0.14 Korean
76%
10,069,346 0.76 Uyghurs
74%
10,387,958 0.78 Manchu
60%
1,463,064 0.11 Kazakh
54%
10,586,087 0.79 Hui
52%
289,565 0.02 Tu
47%
51,069 ----- Tajik
45%
186,708 0.01 Kyrgyz
43%
16,926,381 1.27 Zhuang
37%
9,426,007 0.71 Miao
35%
8,714,393 0.65 Yi
32%
1,462,588 0.11 Li
31%
1,933,510 0.15 Bai
21%
1,261,311 0.09 Dai
19%
2,796,003 0.21 Yao
19%
2,879,974 0.22 Dong
18%
309,576 0.02 Qiang
16%
708,651 0.05 She
16%
8,353,912 0.63 Tujia
16%
1,660,932 0.12 Hani
12%
130,607 0.01 Salar
12%
702,839 0.05 Lisu
11%
621,500 0.05 Dongxiang
10%
2,870,034 0.22 Buyei
9%
326,295 0.02 Nakhi
9%
411,847 0.03 Sui
9%
131,992 0.01 Daur
8%
147,828 0.01 Jingpo
8%
485,966 0.04 Lahu
8%
190,481 0.01 Xibe
8%
550,746 0.04 Gelao
7%
429,709 0.03 Va
6%
39,555 ---- Achang
5%
119,639 0.01 Blang
5%
101,192 0.01 Maonan
5%
216,257 0.02 Mulao
5%
42,861 ----- Pumi
5%
No matching quizzes found
Score Distribution
Percent of People with Each Score
Percentile by Number Answered
Your Score History
You have not taken this quiz